[Event "Oberliga Ost A 2018 2019"]
[Site "?"]
[Date "2018.10.21"]
[Round "1.7"]
[White "Kahe, Ralph"]
[Black "Paul, Johannes"]
[Result "0-1"]
[WhiteElo "2168"]
[BlackElo "2361"]
[PlyCount "102"]
[EventDate "2018.10.21"]
[EventType "team-tourn"]
[EventCountry "GER"]
[WhiteTeam "Magdeburg SV Rochade"]
[BlackTeam "Magdeburg SG Aufbau Elbe"]
[WhiteTeamCountry "GER"]
[BlackTeamCountry "GER"]

1. g3 c5 2. Bg2 Nf6 3. c4 Nc6 4. Nc3 g6 5. Nf3 Bg7 6. O-O d5 7. cxd5 Nxd5 8.
Qb3 Nc7 9. Ng5 O-O 10. Qc4 Qd4 11. Qa4 Bd7 12. Qd1 c4 13. Nf3 Qc5 14. d4 cxd3
15. Qxd3 Rfd8 16. Qe3 Qf5 17. Bd2 Ne6 18. Nh4 Qh5 19. Rac1 Ned4 20. Rfe1 Rac8
21. Qg5 Qxg5 22. Bxg5 h6 23. Be3 Bg4 24. Nf3 Nxf3+ 25. exf3 Be6 26. f4 Nd4 27.
Bxd4 Bxd4 28. a3 b6 29. Rcd1 Bxc3 30. bxc3 Rxd1 31. Rxd1 Rxc3 32. Ra1 b5 33.
Bf1 Bc4 34. Bxc4 Rxc4 35. Rb1 a6 36. Rb3 Kg7 37. Kg2 g5 38. fxg5 hxg5 39. h3 f5
40. Kf3 Kf6 41. Ke3 e5 42. Kd2 Ke6 43. Rd3 f4 44. Rd8 Ra4 45. Rd3 Kf5 46. Kc2
Ke4 47. f3+ Kf5 48. g4+ Ke6 49. Kb3 e4 50. fxe4 Rxe4 51. Rd8 f3 0-1

[Event "Oberliga Ost A 2018 2019"]
[Site "?"]
[Date "2018.10.21"]
[Round "1.8"]
[White "Schoene, Maria"]
[Black "Hoffmann, Uwe"]
[Result "1/2-1/2"]
[WhiteElo "2163"]
[BlackElo "2102"]
[PlyCount "94"]
[EventDate "2018.10.21"]
[EventType "team-tourn"]
[EventCountry "GER"]
[WhiteTeam "Magdeburg SG Aufbau Elbe"]
[BlackTeam "Magdeburg SV Rochade"]
[WhiteTeamCountry "GER"]
[BlackTeamCountry "GER"]

1. e4 d6 2. d4 Nf6 3. Nc3 e5 4. Nf3 exd4 5. Nxd4 Be7 6. Bc4 O-O 7. O-O Nxe4 8.
Nxe4 d5 9. Bd3 dxe4 10. Bxe4 Bf6 11. c3 Na6 12. Bf4 Nc5 13. Bxh7+ Kxh7 14. Qh5+
Kg8 15. Qxc5 Bxd4 16. cxd4 c6 17. Rfe1 Be6 18. a3 Qd5 19. Qc3 f6 20. h4 Rfe8
21. Qg3 Kf7 22. Rac1 Qh5 23. f3 Bd5 24. Bd2 Kg8 25. Bb4 Rxe1+ 26. Rxe1 Re8 27.
Qc7 Rxe1+ 28. Bxe1 Qg6 29. Qxb7 Bxf3 30. Qb8+ Kh7 31. Qg3 Qxg3 32. Bxg3 Bd5 33.
Bd6 Kg6 34. Bf8 Kf7 35. Bc5 a6 36. Kf2 Ke6 37. h5 f5 38. Bb6 f4 39. g4 fxg3+
40. Kxg3 Kf5 41. Bd8 Bf7 42. Kh4 Be8 43. Be7 Bf7 44. b4 Be8 45. a4 Bf7 46. Bf8
g5+ 47. hxg6 Bxg6 1/2-1/2

[Event "Oberliga Ost A 2018 2019"]
[Site "?"]
[Date "2018.11.10"]
[Round "2.1"]
[White "Pulpan, Jakub"]
[Black "Boehnisch, Manfred"]
[Result "1-0"]
[WhiteElo "2412"]
[BlackElo "2261"]
[PlyCount "51"]
[EventDate "2018.10.21"]
[EventType "team-tourn"]
[EventCountry "GER"]
[WhiteTeam "Aue ESV Nickelhuette II"]
[BlackTeam "Leipzig SG II"]
[WhiteTeamCountry "GER"]
[BlackTeamCountry "GER"]

1. e4 c6 2. d4 d5 3. Nd2 dxe4 4. Nxe4 Bf5 5. Ng3 Bg6 6. Nh3 Nf6 7. Nf4 Nbd7 8.
Bc4 e5 9. Nxg6 hxg6 10. O-O Nb6 11. dxe5 Nxc4 12. Qe2 Nxe5 13. Qxe5+ Be7 14.
Re1 Kf8 15. Bg5 Qd6 16. Qe2 Qc7 17. Rad1 Rd8 18. Bf4 Bd6 19. Qd3 Nd5 20. Bxd6+
Qxd6 21. c4 Rh4 22. cxd5 cxd5 23. h3 Kg8 24. Ne4 Qb6 25. Ng5 Rf4 26. Qe2 1-0

[Event "Oberliga Ost A 2018 2019"]
[Site "?"]
[Date "2018.11.10"]
[Round "2.2"]
[White "Schunk, Thomas"]
[Black "Cerveny, Martin"]
[Result "0-1"]
[WhiteElo "2177"]
[BlackElo "2339"]
[PlyCount "122"]
[EventDate "2018.10.21"]
[EventType "team-tourn"]
[EventCountry "GER"]
[WhiteTeam "Leipzig SG II"]
[BlackTeam "Aue ESV Nickelhuette II"]
[WhiteTeamCountry "GER"]
[BlackTeamCountry "GER"]

1. c4 c6 2. Nf3 d5 3. b3 Nf6 4. Bb2 Bg4 5. e3 Nbd7 6. Be2 e6 7. O-O Bd6 8. d4
Qc7 9. Nbd2 h5 10. c5 Be7 11. b4 Rg8 12. Re1 g5 13. Ne5 Bxe2 14. Qxe2 g4 15.
Rac1 Ne4 16. Nxe4 dxe4 17. Qc2 f5 18. Qb3 Nxe5 19. dxe5 Kf7 20. Rcd1 Rad8 21.
Rd6 Bxd6 22. exd6 Qd7 23. Qc3 Rg6 24. Qe5 b6 25. g3 bxc5 26. bxc5 Rb8 27. Kg2
Qd8 28. Rd1 Qd7 29. Rd2 Rbg8 30. Bc3 R8g7 31. a4 Kg8 32. Rb2 Kh7 33. Rb8 a6 34.
a5 Rg5 35. Qf6 Rg8 36. Rb6 f4 37. Qxf4 Rf5 38. Qxe4 Rgf8 39. Kg1 Kh6 40. Be5
Rc8 41. Bf4+ Kg7 42. Qd4+ Kg8 43. e4 Rff8 44. Bg5 Rf3 45. Be7 Re8 46. Bg5 e5
47. Qc4+ Kh8 48. Be7 Kh7 49. Rxa6 h4 50. gxh4 Rg8 51. Kg2 Rg7 52. Rb6 g3 53.
hxg3 Rgxg3+ 54. fxg3 Qg4 55. Rb3 Qxg3+ 56. Kh1 Qe1+ 57. Kh2 Rf2+ 58. Kh3 Qh1+
59. Kg4 Rf4+ 60. Kg3 Qg1+ 61. Kh3 Qg4+ 0-1

[Event "Oberliga Ost A 2018 2019"]
[Site "?"]
[Date "2018.11.10"]
[Round "2.3"]
[White "Jurasek, Miroslav"]
[Black "Schultz, Andreas"]
[Result "1/2-1/2"]
[WhiteElo "2266"]
[BlackElo "2173"]
[PlyCount "77"]
[EventDate "2018.10.21"]
[EventType "team-tourn"]
[EventCountry "GER"]
[WhiteTeam "Aue ESV Nickelhuette II"]
[BlackTeam "Leipzig SG II"]
[WhiteTeamCountry "GER"]
[BlackTeamCountry "GER"]

1. e4 e6 2. d4 d5 3. Nc3 Nf6 4. Bg5 Bb4 5. e5 h6 6. Bd2 Bxc3 7. Bxc3 Ne4 8. Nf3
c5 9. Be2 b6 10. O-O Nc6 11. Be1 Bb7 12. c3 O-O 13. b4 Qe7 14. Rb1 Rfc8 15. Rb2
Rc7 16. Kh1 Rac8 17. Ng1 cxd4 18. cxd4 Nb8 19. Bd3 Rc1 20. Qh5 Nc6 21. f3 Rxe1
22. Rxe1 Nxb4 23. Bb1 Nc3 24. f4 Nxb1 25. Rbxb1 Nxa2 26. f5 exf5 27. Qxf5 Nc3
28. Rbc1 Rc7 29. Nf3 Bc8 30. Qf4 b5 31. Nd2 Be6 32. Nb1 Nxb1 33. Rxc7 Qxc7 34.
Rxb1 Qc2 35. Qc1 Qc4 36. Qb2 a5 37. Qxb5 Qxd4 38. Qxa5 Qxe5 39. Qc5 1/2-1/2

[Event "Oberliga Ost A 2018 2019"]
[Site "?"]
[Date "2018.11.10"]
[Round "2.4"]
[White "Limpert, Michael"]
[Black "Schnabel, Ralf"]
[Result "1/2-1/2"]
[WhiteElo "2161"]
[BlackElo "2210"]
[PlyCount "31"]
[EventDate "2018.10.21"]
[EventType "team-tourn"]
[EventCountry "GER"]
[WhiteTeam "Leipzig SG II"]
[BlackTeam "Aue ESV Nickelhuette II"]
[WhiteTeamCountry "GER"]
[BlackTeamCountry "GER"]

1. e4 d5 2. exd5 Qxd5 3. Nf3 Bg4 4. Be2 c6 5. d4 Nf6 6. c4 Qd6 7. O-O Nbd7 8.
Be3 e6 9. Nc3 Be7 10. Qb3 Qb4 11. Qc2 Bf5 12. Bd3 Bxd3 13. Qxd3 O-O 14. a3 Qa5
15. b4 Qh5 16. h3 1/2-1/2

[Event "Oberliga Ost A 2018 2019"]
[Site "?"]
[Date "2018.11.10"]
[Round "2.5"]
[White "Heinz, Thomas"]
[Black "Dietze, Frank"]
[Result "1-0"]
[WhiteElo "2143"]
[BlackElo "2108"]
[PlyCount "107"]
[EventDate "2018.10.21"]
[EventType "team-tourn"]
[EventCountry "GER"]
[WhiteTeam "Aue ESV Nickelhuette II"]
[BlackTeam "Leipzig SG II"]
[WhiteTeamCountry "GER"]
[BlackTeamCountry "GER"]

1. e4 c5 2. Nc3 Nc6 3. g3 g6 4. Bg2 Bg7 5. d3 d6 6. Be3 e5 7. Qd2 Nge7 8. Bh6
Bxh6 9. Qxh6 Nd4 10. Qd2 Qa5 11. Nge2 Be6 12. O-O O-O 13. f4 f6 14. Rf2 Qb4 15.
Qc1 Kg7 16. a3 Qb6 17. Rb1 c4 18. dxc4 Bxc4 19. Nxd4 Qxd4 20. Qd2 Nc6 21. Rd1
Qb6 22. b3 Bf7 23. Na4 Qa6 24. Bf1 b5 25. Nc3 Qb6 26. Nd5 Bxd5 27. Qxd5 a6 28.
Bh3 Rad8 29. b4 Nd4 30. Kg2 Qc7 31. Kh1 Qc3 32. Qb7+ Rf7 33. Qb6 Qe3 34. Rdf1
Rdf8 35. Qxd6 exf4 36. Rxf4 Ne2 37. R4f2 Qxe4+ 38. Bg2 Qd4 39. Qxa6 Nc3 40. Qc6
Ra7 41. Rf3 Rxa3 42. Rd3 Qxb4 43. Rd7+ Kh6 44. Qe6 Qc5 45. Bf3 f5 46. Qe1 Na4
47. Qd2+ f4 48. gxf4 Qf5 49. Qb4 Re3 50. Qd4 Rg8 51. Rd5 Qe6 52. f5 Qe8 53. f6
g5 54. f7 1-0

[Event "Oberliga Ost A 2018 2019"]
[Site "?"]
[Date "2018.11.10"]
[Round "2.6"]
[White "Roemling, Sven"]
[Black "Rosko, Lubos"]
[Result "1-0"]
[WhiteElo "2126"]
[BlackElo "2264"]
[PlyCount "197"]
[EventDate "2018.10.21"]
[EventType "team-tourn"]
[EventCountry "GER"]
[WhiteTeam "Leipzig SG II"]
[BlackTeam "Aue ESV Nickelhuette II"]
[WhiteTeamCountry "GER"]
[BlackTeamCountry "GER"]

1. d4 Nf6 2. Nf3 g6 3. c4 Bg7 4. Nc3 d5 5. cxd5 Nxd5 6. g3 c5 7. Bg2 Nc6 8. O-O
Nxc3 9. bxc3 O-O 10. Be3 Qc7 11. Rc1 Rd8 12. Qa4 Qa5 13. Qxa5 Nxa5 14. Bf4 Nc6
15. dxc5 e5 16. Be3 Be6 17. c4 Na5 18. Nd2 Rd7 19. Rc2 Rad8 20. h3 f5 21. Rb1
e4 22. Rb5 Nc6 23. Nb3 Rd1+ 24. Kh2 Bc8 25. f3 a6 26. Rb6 Be5 27. fxe4 Bc7 28.
exf5 Bxb6 29. cxb6 Bxf5 30. Rd2 R1xd2 31. Bxd2 Re8 32. Bd5+ Kg7 33. Bxc6 bxc6
34. b7 Rb8 35. Bc3+ Kf7 36. Na5 Bc8 37. bxc8=Q Rxc8 38. Kg2 Ke6 39. Kf3 Rf8+
40. Ke3 Kd7 41. Nb3 Rf1 42. h4 Ke6 43. Nd4+ Kd6 44. Bb4+ c5 45. Ba3 Ra1 46.
Bxc5+ Ke5 47. a3 Rc1 48. Kd3 Rd1+ 49. Kc2 Rh1 50. Kd2 Ke4 51. Nf3 h6 52. Bf8
Ra1 53. Ne1 h5 54. Nc2 Rg1 55. Bd6 Rg2 56. c5 Rf2 57. Nb4 Rf6 58. Nxa6 g5 59.
Nb4 gxh4 60. gxh4 Rg6 61. Be7 Rg7 62. Bg5 Ke5 63. c6 Ke6 64. Ke3 Ra7 65. Bf4
Rxa3+ 66. Nd3 Rc3 67. c7 Rc4 68. Kf3 Kd5 69. Bg3 Rc3 70. Kf4 Rxc7 71. e4+ Ke6
72. Bf2 Rf7+ 73. Ke3 Ra7 74. Nc5+ Ke5 75. Bg3+ Kf6 76. Kf4 Ra5 77. Bf2 Ra2 78.
Bd4+ Kg6 79. Nd7 Ra4 80. Ne5+ Kf6 81. Nf3+ Kg6 82. e5 Ra2 83. Ke4 Re2+ 84. Kf4
Rg2 85. e6 Re2 86. Ng5 Re1 87. Be5 Rf1+ 88. Ke4 Re1+ 89. Kd5 Kf5 90. Nf3 Rc1
91. e7 Rc8 92. Nd4+ Kg6 93. Ke6 Rg8 94. Ne2 Kh7 95. Nf4 Kh6 96. Nd5 Kg6 97. Nf6
Rf8 98. exf8=N+ Kh6 99. Ng8# 1-0

[Event "Oberliga Ost A 2018 2019"]
[Site "?"]
[Date "2018.11.10"]
[Round "2.7"]
[White "Floeter, Frank"]
[Black "Fasshauer, Jacob"]
[Result "1-0"]
[WhiteElo "2134"]
[BlackElo "2076"]
[PlyCount "81"]
[EventDate "2018.10.21"]
[EventType "team-tourn"]
[EventCountry "GER"]
[WhiteTeam "Aue ESV Nickelhuette II"]
[BlackTeam "Leipzig SG II"]
[WhiteTeamCountry "GER"]
[BlackTeamCountry "GER"]

1. d4 Nf6 2. c4 e6 3. Nf3 Bb4+ 4. Nbd2 O-O 5. e3 b6 6. Bd3 Bb7 7. O-O Bxd2 8.
Nxd2 d6 9. Qc2 Nbd7 10. b3 Qe7 11. Bb2 Rfd8 12. e4 e5 13. d5 Nh5 14. g3 Qg5 15.
Nf3 Qg4 16. Be2 Nf4 17. Bd1 Nh3+ 18. Kh1 Nf6 19. Ng1 Qd7 20. Bf3 Nxg1 21. Kxg1
Rf8 22. Bg2 Rae8 23. Rae1 Qe7 24. b4 Nd7 25. Rc1 Ra8 26. Bh3 a5 27. a3 Rfe8 28.
Kg2 Bc8 29. Rfe1 axb4 30. axb4 Nb8 31. Ra1 Bxh3+ 32. Kxh3 Nd7 33. Kg2 Qg5 34.
Bc1 Rxa1 35. Bxg5 Rxe1 36. Qa4 Nf6 37. Bxf6 Rb8 38. Bg5 b5 39. Qa7 Re8 40. Qxc7
Rxe4 41. c5 1-0

[Event "Oberliga Ost A 2018 2019"]
[Site "?"]
[Date "2018.11.10"]
[Round "2.8"]
[White "Schreiter, Thomas"]
[Black "Heinz, Juergen"]
[Result "0-1"]
[WhiteElo "1986"]
[BlackElo "2234"]
[PlyCount "68"]
[EventDate "2018.10.21"]
[EventType "team-tourn"]
[EventCountry "GER"]
[WhiteTeam "Leipzig SG II"]
[BlackTeam "Aue ESV Nickelhuette II"]
[WhiteTeamCountry "GER"]
[BlackTeamCountry "GER"]

1. c4 e5 2. Nc3 Nc6 3. g3 g6 4. Bg2 Bg7 5. e3 d6 6. Nge2 f5 7. Nd5 Nce7 8. Nxe7
Nxe7 9. b4 c6 10. Bb2 O-O 11. O-O Be6 12. Qc2 Qe8 13. Rfd1 Qf7 14. Rac1 g5 15.
f4 h6 16. Rf1 Rad8 17. a3 Rd7 18. d4 gxf4 19. gxf4 e4 20. Kh1 Kh8 21. Rg1 d5
22. c5 Ng8 23. Ng3 Bf6 24. Qe2 Bh4 25. Nf1 Nf6 26. Bc3 Ng4 27. Be1 Qh5 28. Bxh4
Qxh4 29. Rc2 Bf7 30. h3 Bh5 31. Qd2 Rg7 32. Nh2 Nxh2 33. Kxh2 Qg3+ 34. Kh1 Bf3
0-1

[Event "Oberliga Ost A 2018 2019"]
[Site "?"]
[Date "2018.11.10"]
[Round "2.1"]
[White "Pietsch, Michael"]
[Black "Hoepfl, Thomas"]
[Result "0-1"]
[WhiteElo "2207"]
[BlackElo "2281"]
[PlyCount "62"]
[EventDate "2018.10.21"]
[EventType "team-tourn"]
[EventCountry "GER"]
[WhiteTeam "Coswig TuS"]
[BlackTeam "Halle USV"]
[WhiteTeamCountry "GER"]
[BlackTeamCountry "GER"]

1. d4 Nf6 2. c4 g6 3. Nc3 Bg7 4. e4 d6 5. Nf3 O-O 6. Be2 e5 7. O-O Na6 8. d5
Nc5 9. Qc2 a5 10. b3 Bd7 11. Be3 b6 12. Nd2 Nh5 13. Bxh5 gxh5 14. a3 f5 15. f3
Qe8 16. b4 Na4 17. Nxa4 Bxa4 18. Qc3 Bd7 19. c5 bxc5 20. bxc5 Qg6 21. c6 Bc8
22. Kh1 Kh8 23. Rab1 Rg8 24. Rg1 Bh6 25. Bxh6 Qxh6 26. Nc4 fxe4 27. fxe4 Qg6
28. Qe3 Rg7 29. Rb2 h4 30. Rf2 Rg8 31. Qf3 h3 0-1

[Event "Oberliga Ost A 2018 2019"]
[Site "?"]
[Date "2018.11.10"]
[Round "2.2"]
[White "Becker, Michael"]
[Black "Hofmann, Rares"]
[Result "1-0"]
[WhiteElo "2256"]
[BlackElo "2246"]
[PlyCount "141"]
[EventDate "2018.10.21"]
[EventType "team-tourn"]
[EventCountry "GER"]
[WhiteTeam "Halle USV"]
[BlackTeam "Coswig TuS"]
[WhiteTeamCountry "GER"]
[BlackTeamCountry "GER"]

1. e4 e5 2. Nf3 Nc6 3. d4 exd4 4. Nxd4 Nf6 5. Nxc6 bxc6 6. e5 Qe7 7. Qe2 Nd5 8.
c4 Ba6 9. b3 g6 10. g3 Bg7 11. Bb2 O-O 12. Bg2 Rae8 13. O-O Bxe5 14. Qxe5 Qxe5
15. Bxe5 Rxe5 16. cxd5 Bxf1 17. Kxf1 cxd5 18. Nc3 c6 19. Bf3 f5 20. h4 a5 21.
Rd1 Rb8 22. Na4 Kg7 23. Nc5 Re7 24. Rd4 d6 25. Nd3 Ra7 26. Nb2 Kf7 27. Ke2 Re7+
28. Kd2 Rb4 29. Rd3 Ke8 30. a3 Rb8 31. Rc3 Kd7 32. Nd3 d4 33. Bxc6+ Kd8 34. Rc4
Rxb3 35. a4 Rc3 36. Bd5 Rxc4 37. Bxc4 Rc7 38. Nb2 Ke7 39. Kd3 Kf6 40. Kxd4 f4
41. g4 h5 42. g5+ Kf5 43. f3 Rb7 44. Bb5 Ke6 45. Nc4 Rc7 46. Be8 d5 47. Nxa5
Rc1 48. Bxg6 Rd1+ 49. Kc3 Rc1+ 50. Kd2 Rh1 51. Bxh5 Rxh4 52. Bg4+ Kf7 53. Nc6
Kg6 54. Nd4 Rh2+ 55. Kc3 Kxg5 56. Nc2 Kf6 57. a5 Ke5 58. a6 Rh6 59. Nb4 Kd6 60.
Bc8 Rh8 61. Bb7 Kc7 62. Nxd5+ Kb8 63. Kd4 Ka7 64. Ke4 Re8+ 65. Kxf4 Rf8+ 66.
Ke4 Re8+ 67. Kd4 Re1 68. f4 Re2 69. f5 Re1 70. f6 Re2 71. Nf4 1-0

[Event "Oberliga Ost A 2018 2019"]
[Site "?"]
[Date "2018.11.10"]
[Round "2.3"]
[White "Mueller, Richard"]
[Black "Hartge, Gedeon"]
[Result "1/2-1/2"]
[WhiteElo "2185"]
[BlackElo "2185"]
[PlyCount "182"]
[EventDate "2018.10.21"]
[EventType "team-tourn"]
[EventCountry "GER"]
[WhiteTeam "Coswig TuS"]
[BlackTeam "Halle USV"]
[WhiteTeamCountry "GER"]
[BlackTeamCountry "GER"]

1. d4 Nf6 2. c4 c5 3. d5 b5 4. cxb5 a6 5. b6 e6 6. Nc3 Nxd5 7. Nxd5 exd5 8.
Qxd5 Nc6 9. Nf3 Rb8 10. e4 Be7 11. Bc4 O-O 12. O-O Rxb6 13. Qh5 d6 14. b3 Be6
15. Bxe6 fxe6 16. Qg4 Qc8 17. Bb2 e5 18. Qxc8 Rxc8 19. Nd2 a5 20. f4 exf4 21.
Nc4 Ra6 22. Rxf4 a4 23. Rd1 axb3 24. axb3 Na5 25. Nxa5 Rxa5 26. Rf3 Ra2 27. Bc1
Re2 28. Re3 Rc2 29. Red3 c4 30. bxc4 R8xc4 31. Bf4 Rxe4 32. Bxd6 Bxd6 33. Rxd6
Ree2 34. Rd8+ Kf7 35. R8d7+ Kg6 36. Kh1 Rxg2 37. Rg1 Rxg1+ 38. Kxg1 Kh6 39. Rd3
g6 40. Rd7 g5 41. Ra7 Kg6 42. Ra6+ Kh5 43. Ra4 Re2 44. Rb4 Kg6 45. Rb6+ Kf5 46.
Rh6 Re7 47. Kf2 Kf4 48. h4 Rf7 49. Kg2 g4 50. Ra6 h5 51. Ra4+ Kf5 52. Ra5+ Kg6
53. Rg5+ Kh6 54. Ra5 Rf6 55. Rb5 Ra6 56. Rb3 Kg6 57. Kg3 Rf6 58. Ra3 Rf5 59.
Ra6+ Kg7 60. Ra7+ Kf6 61. Ra6+ Ke5 62. Ra5+ Ke4 63. Ra4+ Kd3 64. Ra3+ Kc2 65.
Kg2 Rd5 66. Ra2+ Kd3 67. Ra3+ Ke4 68. Ra4+ Rd4 69. Ra2 Ke3 70. Kg3 Ke4 71. Re2+
Kf5 72. Rf2+ Kg6 73. Rh2 Rd3+ 74. Kf4 Rf3+ 75. Ke4 Rf1 76. Ke5 Re1+ 77. Kf4 Kf6
78. Kg3 Re3+ 79. Kf4 Ra3 80. Rh1 Ra4+ 81. Kg3 Ke5 82. Re1+ Re4 83. Ra1 Re3+ 84.
Kg2 Kf4 85. Ra4+ Re4 86. Ra2 Rd4 87. Rb2 Rd3 88. Rb4+ Kf5 89. Rb5+ Kg6 90. Rb6+
Kf5 91. Rb5+ Kg6 1/2-1/2

[Event "Oberliga Ost A 2018 2019"]
[Site "?"]
[Date "2018.11.10"]
[Round "2.4"]
[White "Puls, Thomas"]
[Black "Klawa, Patrick"]
[Result "1-0"]
[WhiteElo "2194"]
[BlackElo "2188"]
[PlyCount "93"]
[EventDate "2018.10.21"]
[EventType "team-tourn"]
[EventCountry "GER"]
[WhiteTeam "Halle USV"]
[BlackTeam "Coswig TuS"]
[WhiteTeamCountry "GER"]
[BlackTeamCountry "GER"]

1. e4 e5 2. Nf3 d6 3. d4 exd4 4. Nxd4 Nf6 5. Nc3 Be7 6. g3 O-O 7. Bg2 Re8 8.
O-O Nbd7 9. Re1 Bf8 10. h3 a6 11. Nf5 Ne5 12. g4 Be6 13. f4 Nc6 14. g5 Nd7 15.
Ng3 f6 16. h4 Nb6 17. b3 g6 18. Nd5 fxg5 19. hxg5 Bg7 20. Rb1 Nd7 21. Bb2 Bxb2
22. Rxb2 h6 23. gxh6 Qh4 24. Nf1 Rac8 25. c4 g5 26. Rf2 Rf8 27. f5 Nde5 28. Bf3
Bxd5 29. exd5 Nd4 30. Be4 c5 31. dxc6 Ndxc6 32. Qxd6 Rcd8 33. Qe6+ Kh8 34. Bxc6
Nxc6 35. Qe4 Rd4 36. Qxh4 Rxh4 37. Ng3 Nd4 38. Kg2 Kh7 39. Re7+ Kxh6 40. Rxb7
g4 41. Rb6+ Kg7 42. f6+ Kf7 43. Nf5 Nxf5 44. Rxf5 Rfh8 45. Rg5 Rh2+ 46. Kg3
R2h3+ 47. Kxg4 1-0

[Event "Oberliga Ost A 2018 2019"]
[Site "?"]
[Date "2018.11.10"]
[Round "2.5"]
[White "Escher, Thomas"]
[Black "Schulte, Felix"]
[Result "1-0"]
[WhiteElo "2160"]
[BlackElo "2092"]
[PlyCount "53"]
[EventDate "2018.10.21"]
[EventType "team-tourn"]
[EventCountry "GER"]
[WhiteTeam "Coswig TuS"]
[BlackTeam "Halle USV"]
[WhiteTeamCountry "GER"]
[BlackTeamCountry "GER"]

1. e4 c5 2. Nf3 d6 3. d4 cxd4 4. Nxd4 Nf6 5. Nc3 e5 6. Bb5+ Nbd7 7. Nf5 a6 8.
Bxd7+ Qxd7 9. Bg5 Qd8 10. Nd5 Bxf5 11. Bxf6 gxf6 12. exf5 Rg8 13. O-O Be7 14.
a4 Qd7 15. Qh5 Rg7 16. Ra3 Qc6 17. Rd1 Qxc2 18. Rc3 Qe4 19. g3 Bd8 20. Qh6 Qxa4
21. Rcd3 Qg4 22. Nxf6+ Bxf6 23. Qxf6 Qg5 24. Qxd6 Qxf5 25. Qc7 Qc8 26. Qxe5+
Kf8 27. Qd6+ 1-0

[Event "Oberliga Ost A 2018 2019"]
[Site "?"]
[Date "2018.11.10"]
[Round "2.6"]
[White "Reipsch, Jens"]
[Black "Piotraschke, Jens"]
[Result "1/2-1/2"]
[WhiteElo "2248"]
[BlackElo "2158"]
[PlyCount "68"]
[EventDate "2018.10.21"]
[EventType "team-tourn"]
[EventCountry "GER"]
[WhiteTeam "Halle USV"]
[BlackTeam "Coswig TuS"]
[WhiteTeamCountry "GER"]
[BlackTeamCountry "GER"]

1. e4 c6 2. d4 d5 3. exd5 cxd5 4. c4 Nf6 5. Nc3 g6 6. Bg5 Ne4 7. Nxe4 dxe4 8.
Qd2 Bg7 9. O-O-O Nc6 10. Ne2 Bg4 11. Be3 Rc8 12. Kb1 e5 13. d5 Nd4 14. Rc1 Bxe2
15. Bxe2 f5 16. f4 Nxe2 17. Qxe2 exf4 18. Bxf4 O-O 19. Rhd1 b6 20. g3 Qe7 21.
h4 Be5 22. d6 Qe6 23. Rd5 Bxf4 24. gxf4 Rc5 25. Rd4 Rc6 26. Rcd1 Rd8 27. d7 Rc7
28. Rd6 Qf7 29. Qd2 e3 30. Qxe3 Rcxd7 31. c5 bxc5 32. Qxc5 Rxd6 33. Rxd6 Rxd6
34. Qxd6 Qb7 1/2-1/2

[Event "Oberliga Ost A 2018 2019"]
[Site "?"]
[Date "2018.11.10"]
[Round "2.7"]
[White "Merker, Matthias"]
[Black "Groebel, Aaron"]
[Result "1/2-1/2"]
[WhiteElo "2130"]
[BlackElo "2086"]
[PlyCount "104"]
[EventDate "2018.10.21"]
[EventType "team-tourn"]
[EventCountry "GER"]
[WhiteTeam "Coswig TuS"]
[BlackTeam "Halle USV"]
[WhiteTeamCountry "GER"]
[BlackTeamCountry "GER"]

1. d4 Nf6 2. c4 e5 3. dxe5 Ng4 4. Bf4 g5 5. Bd2 Bg7 6. Qc1 h6 7. Bc3 Nxe5 8.
Qe3 Qe7 9. h4 g4 10. Nd2 Nbc6 11. a3 d6 12. Qe4 f5 13. Qc2 O-O 14. e3 g3 15. f3
Ng6 16. e4 Bxc3 17. Qxc3 fxe4 18. Nxe4 Bf5 19. O-O-O Bxe4 20. fxe4 Qxe4 21.
Qxg3 Nce5 22. Nh3 Qxh4 23. Qe3 Rae8 24. Rd4 Ng4 25. Qd2 Qe1+ 26. Qxe1 Rxe1+ 27.
Kd2 Rexf1 28. Rxf1 Rxf1 29. Rxg4 Kf7 30. Kc3 Kf6 31. Kd4 Rc1 32. Nf4 Rxc4+ 33.
Kxc4 Ne5+ 34. Kd4 Nxg4 35. Nd5+ Kf5 36. Nxc7 Kf4 37. Nb5 Kg3 38. Nxd6 Kxg2 39.
Nf5 h5 40. Ke4 Nf2+ 41. Kf4 Nd3+ 42. Kg5 Nxb2 43. Nd6 b6 44. Nc8 Nc4 45. Nxa7
Nxa3 46. Kxh5 Kf3 47. Kg5 Ke4 48. Kg4 Ke5 49. Kf3 Ke6 50. Ke4 Nc4 51. Kd4 Nd6
52. Nc6 Nb7 1/2-1/2

[Event "Oberliga Ost A 2018 2019"]
[Site "?"]
[Date "2018.11.10"]
[Round "2.8"]
[White "Perekhozhuk, Maksym"]
[Black "Poenisch, Eckehard"]
[Result "0-1"]
[WhiteElo "1980"]
[BlackElo "2125"]
[PlyCount "64"]
[EventDate "2018.10.21"]
[EventType "team-tourn"]
[EventCountry "GER"]
[WhiteTeam "Halle USV"]
[BlackTeam "Coswig TuS"]
[WhiteTeamCountry "GER"]
[BlackTeamCountry "GER"]

1. e4 d5 2. exd5 Nf6 3. d4 Nxd5 4. c4 Nb6 5. Nc3 e5 6. Be3 exd4 7. Bxd4 Nc6 8.
Nf3 Be6 9. c5 Nxd4 10. cxb6 Nxf3+ 11. Qxf3 c6 12. bxa7 Qb6 13. Qg3 Bc5 14. Be2
O-O 15. O-O Rxa7 16. Ne4 Be7 17. b3 Qd4 18. Bd3 Bxb3 19. Rae1 Bxa2 20. Nd2 Be6
21. Re4 Qd6 22. Qf3 Bd5 23. Qh3 Bxe4 24. Nxe4 Qh6 25. Qd7 Qe6 26. Qc7 Ra4 27.
Ng3 b5 28. Nf5 Bf6 29. Qg3 Ra3 30. Qh3 g6 31. Nh6+ Kg7 32. Ng4 Rxd3 0-1

[Event "Oberliga Ost A 2018 2019"]
[Site "?"]
[Date "2018.11.10"]
[Round "2.1"]
[White "Sieber, Fiona"]
[Black "Zwahr, Paul"]
[Result "1-0"]
[WhiteElo "2267"]
[BlackElo "2271"]
[PlyCount "57"]
[EventDate "2018.10.21"]
[EventType "team-tourn"]
[EventCountry "GER"]
[WhiteTeam "Magdeburg SG Aufbau Elbe"]
[BlackTeam "Dresden SG Gruen Weiss"]
[WhiteTeamCountry "GER"]
[BlackTeamCountry "GER"]

1. e4 e5 2. Nf3 Nc6 3. Bb5 Nf6 4. O-O Nxe4 5. d4 Nd6 6. Bxc6 dxc6 7. dxe5 Nf5
8. Qxd8+ Kxd8 9. Nc3 Ke8 10. h3 h5 11. Bf4 Be7 12. Rad1 Be6 13. Ng5 Rh6 14.
Nce4 Bd5 15. Rfe1 Rg6 16. g3 Rd8 17. h4 Rd7 18. Kh2 f6 19. e6 Rd8 20. Nf7 Rc8
21. f3 Bxe6 22. Nh8 Bf7 23. Nc5 b6 24. Nxg6 bxc5 25. Nxe7 Nxe7 26. Be3 Rd8 27.
Bxc5 Rxd1 28. Rxe7+ Kd8 29. Rxf7 1-0

[Event "Oberliga Ost A 2018 2019"]
[Site "?"]
[Date "2018.11.10"]
[Round "2.2"]
[White "Siedentopf, Daniel"]
[Black "Roseneck, Jonas"]
[Result "1-0"]
[WhiteElo "2283"]
[BlackElo "2239"]
[PlyCount "65"]
[EventDate "2018.10.21"]
[EventType "team-tourn"]
[EventCountry "GER"]
[WhiteTeam "Dresden SG Gruen Weiss"]
[BlackTeam "Magdeburg SG Aufbau Elbe"]
[WhiteTeamCountry "GER"]
[BlackTeamCountry "GER"]

1. d4 Nf6 2. c4 e6 3. Nc3 Bb4 4. e3 O-O 5. Nge2 Re8 6. a3 Bf8 7. d5 d6 8. g3
Nbd7 9. Bg2 g6 10. O-O Bg7 11. e4 a5 12. Bg5 h6 13. Be3 Ng4 14. Bf4 Nge5 15. b3
a4 16. Nxa4 Nxc4 17. Ra2 Nce5 18. Nac3 exd5 19. exd5 Nf8 20. h3 Nh7 21. Nd4 Bd7
22. a4 Ng5 23. Kh2 Qc8 24. Bxg5 hxg5 25. f4 gxf4 26. gxf4 Bf5 27. fxe5 Bxe5+
28. Kh1 Bxh3 29. Qf3 Bxg2+ 30. Rxg2 Qd7 31. Nf5 Rf8 32. Qh3 Qd8 33. Ne4 1-0

[Event "Oberliga Ost A 2018 2019"]
[Site "?"]
[Date "2018.11.10"]
[Round "2.3"]
[White "Melamed, Tatjana"]
[Black "Zimmermann, Rene"]
[Result "0-1"]
[WhiteElo "2397"]
[BlackElo "2198"]
[PlyCount "80"]
[EventDate "2018.10.21"]
[EventType "team-tourn"]
[EventCountry "GER"]
[WhiteTeam "Magdeburg SG Aufbau Elbe"]
[BlackTeam "Dresden SG Gruen Weiss"]
[WhiteTeamCountry "GER"]
[BlackTeamCountry "GER"]

1. e4 e5 2. Nf3 Nf6 3. Nxe5 d6 4. Nf3 Nxe4 5. d4 d5 6. Bd3 Nc6 7. O-O Be7 8.
Nc3 Nxc3 9. bxc3 Bg4 10. Rb1 Rb8 11. Re1 O-O 12. Bf4 Bh5 13. Re3 g5 14. Bg3 f5
15. Be5 g4 16. Nd2 Nxe5 17. Rxe5 Bd6 18. Rxd5 Bxh2+ 19. Kf1 Qh4 20. Bxf5 Bf4
21. Be6+ Kh8 22. Ne4 Rbe8 23. Rxh5 Qxh5 24. d5 Be3 25. Qd3 Qh1+ 26. Ke2 Qxb1
27. Qxe3 Qxc2+ 28. Nd2 Rf6 29. Qd4 Kg7 30. Qxg4+ Qg6 31. Qd4 c5 32. Qe5 Qg4+
33. Kd3 Rexe6 34. dxe6 Qxe6 35. Qg3+ Kf7 36. Ne4 c4+ 37. Ke3 Qb6+ 38. Ke2 Qb2+
39. Ke3 Qc1+ 40. Ke2 Qc2+ 0-1